Hélicoptères de GTA 5 - Statistiques

Statistiques générales
  • Ce quiz a été pris 19 fois
    5 depuis la dernière actualisation
  • Le résultat moyen est 14 sur 31
Statistiques - réponses
Marque Modèle % Correct
Nagasaki Buzzard
100%
Nagasaki Buzzard d'attaque
100%
Western Company Cargobob
75%
Western Company Cargobob
75%
Western Company Cargobob
75%
Western Company Cargobob
75%
FH-1 Hunter
75%
Buckingham Akula
50%
Maibatsu Frogger
50%
Maibatsu Frogger
50%
Buckingham Maverick
50%
Buckingham Maverick de Higgings Helitours
50%
Buckingham Police Maverick
50%
Savage
50%
Buckingham Valkyrie
50%
Buckingham Valkyrie MOD.0
50%
Buckingham Volatus
50%
Western Company Annihilator
25%
Western Company Annihilator furtif
25%
Buckingham Conada
25%
Buckingham Conada armé
25%
Buckingham DH-7 Iron Mule
25%
Nagasaki Havok
25%
Sea Sparrow
25%
HVY Skylift
25%
Sparrow
25%
Sparrow
25%
Buckingham SuperVolito
25%
Buckingham SuperVolito carbone
25%
Buckingham Swift
25%
Buckingham Swift Deluxe
25%
Aucun quiz correspondant
Distribution des résultats
% des personnes avec chaque résultat
Percentile par nombre de réponses
Votre historique - résultats
Vous n’avez pas pris ce quiz depuis la dernière actualisation